00650nam a22001457a 450000500170000000800410001702000150005805000250007310000370009824500830013526001050021830000530032350000790037660000490045520230313133808.0230313b mx ||||| |||| 00| 0 spa d a968297985404aND259.C53 bC53 19951 aClausell, Joaquín, d1866-193510aJoaquin clausell y los ecos del impresionismo en México cJoaquín Clausell aMéxico : bMuseo nacional de arte, bINBA ; bConsejo Nacional para la Cultura y las Artes, c1995 a191 paginas : bilustraciones a color, c28 cm.  aEn coedición con: INBA y el Consejo Nacional para la Cultura y las Artes1 aClausell, Joaquin, d1866-1935vExposiciones